| 000 | 00861cab a2200289 4500 | ||
|---|---|---|---|
| 001 | WB3143-27 | ||
| 008 | 090401t1995 xxu||||| |||| 00| 0 eng d | ||
| 035 | _a(Sirsi) u28725 | ||
| 041 | _aeng | ||
| 245 | _aWalkers told to stay out of woods | ||
| 260 | _c1995 | ||
| 350 | _a0 | ||
| 490 |
_aIndependent _v15 November 1995, 7 |
||
| 490 |
_aHerald _v15 November 1995, 14 |
||
| 490 |
_aWestern Morning News _v16/17? November 1995, (3) |
||
| 520 | _aLooks at how privatisation of Britain`s forests has reduced access for members of the public. | ||
| 650 | _aACCESS TO COUNTRYSIDE | ||
| 650 | _aFORESTRY COMMISSION | ||
| 650 | _aFORESTS | ||
| 650 | _aPRIVATISATION | ||
| 650 | _aPUBLIC ACCESS | ||
| 650 | _aRAMBLERS ASSOCIATION | ||
| 650 | _aRIGHTS OF WAY | ||
| 690 | _aHIGHWAYS RIGHTS OF WAY AND EASEMENTS | ||
| 942 | _n0 | ||
| 948 | _c04/03/1997 | ||
| 999 |
_c19315 _d19315 |
||